[Event "Montigny le Bretonneux op 10th"]
[Site "Montigny le Bretonneux"]
[Date "2011.10.24"]
[Round "3"]
[White "Ribiere, Damien"]
[Black "Lenormand, Pascal"]
[Result "1-0"]
[WhiteElo "1600"]
[BlackElo "1700"]
[PlyCount "113"]
[EventDate "2011.10.22"]
[EventType "swiss"]
[EventRounds "9"]
[EventCountry "FRA"]
[SourceTitle "EXT 2012"]
[Source "ChessBase"]
[SourceDate "2011.11.24"]
[SourceVersion "1"]
[SourceVersionDate "2011.11.24"]
[SourceQuality "1"]

1. d4 d5 2. c4 e6 3. Nf3 Nf6 4. Bg5 Be7 5. Nc3 c6 6. e3 0-0 7. Bd3 dxc4 8. Bxc4 b6 9. 0-0 Ba6 10. Bxa6 Nxa6 11. Qe2 Nb4 12. e4 c5 13. Rfd1 Qe8 14. a3 cxd4 15. axb4 dxc3 16. bxc3 Qc8 17. Rac1 h6 18. Bh4 Qc7 19. b5 Rfd8 20. Nd4 Qc5 21. Nc6 Rxd1+ 22. Rxd1 a5 23. Nxe7+ Qxe7 24. e5 g5 25. exf6 Qxf6 26. Bg3 Qxc3 27. Qe5 Rc8 28. Qxc3 Rxc3 29. Rb1 f6 30. Bb8 a4 31. h3 Rb3 32. Ra1 Rxb5 33. Rxa4 Rd5 34. Ra6 Rd1+ 35. Kh2 Rb1 36. Ba7 b5 37. Rxe6 Kf7 38. Rb6 b4 39. Bb8 b3 40. Bd6 Rd1 41. Ba3 Rb1 42. Kg3 h5 43. Kf3 Kg6 44. Be7 Kf5 45. Bxf6 g4+ 46. hxg4+ hxg4+ 47. Ke3 Re1+ 48. Kd2 Re6 49. Rxe6 Kxe6 50. Bd4 Kd5 51. Bg7 Ke4 52. Kc3 b2 53. Kxb2 Kd3 54. Kc1 Ke2 55. Bd4 Kf1 56. g3 Ke1 57. f4 1-0